Guide to Unix Using Linux (Record no. 160)

MARC details
000 -LEADER
fixed length control field 00465nam a22001697a 4500
005 - DATE AND TIME OF LATEST TRANSACTION
control field 20180206151040.0
008 - FIXED-LENGTH DATA ELEMENTS--GENERAL INFORMATION
fixed length control field 160428b xxu||||| |||| 00| 0 eng d
020 ## - INTERNATIONAL STANDARD BOOK NUMBER
ISBN 981-240218-7
041 ## - LANGUAGE CODE
Language code of text/sound track or separate title eng
082 ## - DEWEY DECIMAL CLASSIFICATION NUMBER
Item number 00562
Classification number 005.432
100 ## - MAIN ENTRY--AUTHOR NAME
Personal name Dent. Jack and Gaddis, Tony
245 ## - TITLE STATEMENT
Title Guide to Unix Using Linux
260 ## - PUBLICATION, DISTRIBUTION, ETC. (IMPRINT)
Place of publication New Delhi
Name of publisher Thomsm Learning Published by Vikash House,
Year of publication 2001
300 ## - PHYSICAL DESCRIPTION
Number of Pages 552
650 ## - SUBJECT ADDED ENTRY--TOPICAL TERM
Topical Term Information Technology
942 ## - ADDED ENTRY ELEMENTS (KOHA)
Koha item type Books
Holdings
Lost status Damaged status Collection code Home library Current library Shelving location Date acquired Full call number Accession Number Koha item type
    CS/IT JRU Library JRU Library SHELF-51-C 28/04/2016 005.432 00562 Books
Lost     JRU Library JRU Library SHELF-4-E 28/04/2016 00562 00563 Books
    CS/IT JRU Library JRU Library SHELF-51-C 28/04/2016 005.432 00564 Books
    CS/IT JRU Library JRU Library SHELF-51-C 28/04/2016 005.432 00565 Books
    CS/IT JRU Library JRU Library SHELF-51-C 28/04/2016 005.432 00566 Books